000 00278nam a22001217a 4500
008 170220b xxu||||| |||| 00| 0 eng d
041 _aeng
080 _217TH
_a615
100 _a5
101 _aSHM
245 _aHANDBOOK OF ANTIMICROBAL THERAPY
_cABRAMOWICZ, M
942 _2udc
_cBK
999 _c5812
_d5812